Género, ciudadanía y globalización : (Registro nro. 232038)

Detalles MARC
000 -LEADER
fixed length control field 05537nam a2200457Ii 4500
001 - CONTROL NUMBER
control field DIGALF0002
003 - CONTROL NUMBER IDENTIFIER
control field NyNyDIG
006 - FIXED-LENGTH DATA ELEMENTS--ADDITIONAL MATERIAL CHARACTERISTICS
fixed length control field m o d
007 - PHYSICAL DESCRIPTION FIXED FIELD--GENERAL INFORMATION
fixed length control field cr |||||||||||
008 - FIXED-LENGTH DATA ELEMENTS--GENERAL INFORMATION
fixed length control field 122001s2009 sp ob 000 0 spa d
020 ## - INTERNATIONAL STANDARD BOOK NUMBER
Canceled/invalid ISBN 9788478982912
020 ## - INTERNATIONAL STANDARD BOOK NUMBER
Canceled/invalid ISBN 8478982914
035 ## - SYSTEM CONTROL NUMBER
System control number (OCoLC)888252354
040 ## - CATALOGING SOURCE
Original cataloging agency DGITA
Language of cataloging eng
Description conventions pn
Transcribing agency DGITA
041 0# - LANGUAGE CODE
Language code of text/sound track or separate title spaeng
050 14 - LIBRARY OF CONGRESS CALL NUMBER
Classification number HQ1155 eBook
111 2# - MAIN ENTRY--MEETING NAME
Meeting name or jurisdiction name as entry element Congreso Internacional e Interdisciplinar sobre Género, Ciudadanía y Globalización
Number of part/section/meeting (3rd:
Date of meeting or treaty signing 2005 :
Location of meeting Huelva)
245 10 - TITLE STATEMENT
Title Género, ciudadanía y globalización :
Number of part/section of a work vol. 1 /
Statement of responsibility, etc. coordinadora general, Mar Gallego Durán ; editoras, Rosa García Gutiérrez y Rosa Giles Carnero
264 #1 - PRODUCTION, PUBLICATION, DISTRIBUTION, MANUFACTURE, AND COPYRIGHT NOTICE
Place of production, publication, distribution, manufacture Sevilla :
Name of producer, publisher, distributor, manufacturer Ediciones Alfar,
Date of production, publication, distribution, manufacture, or copyright notice 2009.
300 ## - PHYSICAL DESCRIPTION
Extent 1 online resource (438 pages)
336 ## - CONTENT TYPE
Content type term text
Content type code txt
Source rdacontent
337 ## - MEDIA TYPE
Media type term computer
Media type code c
Source rdamedia
338 ## - CARRIER TYPE
Carrier type term online resource
Carrier type code cr
Source rdacarrier
490 1# - SERIES STATEMENT
Series statement Colección Alfar universidad ;
Volume/sequential designation 158
500 ## - GENERAL NOTE
General note Recoge las contribuciones al III Congreso Internacional e Interdisciplinar sobre Género, Ciudadanía y Globalización, celebrado en la Universidad de Huelva entre el 9 y el 11 de mayo de 2005.
500 ## - GENERAL NOTE
General note Texts in English or Spanish
504 ## - BIBLIOGRAPHY, ETC. NOTE
Bibliography, etc. note Includes bibliographical references
505 0# - FORMATTED CONTENTS NOTE
Formatted contents note Presentación / Mar Gallego Durán -- Introducción / Rosa García Gutiérrez y Rosa Giles Carnero -- Re/Imagining Citizenship: The Politics of Gender and Identity -- Post 9/11 / Shree Mulay -- Mujeres migrantes: ¿de lo privado a lo público? / Marcela de la Peña y Patrick Govers -- Contesting and Confirming Conventional Gender Roles. Migrant Sex Workers on a Divided Island / Ramona Lenz -- Embodying the Nation-State Through the Social and Spatial Practices of Migrant Women in Contemporary Ireland / Deirdre Colon -- Mujeres de frontera / Charo Carrasco Tristancho -- La obtención del estatuto de refugiada en Occidente. La persecución por motivos relacionados con el género en la normativa de asilo de la Europa comunitaria / Nuria Arenas Hidalgo -- (Some) Feminist Reflections on Globalization: Personal and Political / Ailbhe Smyth -- (En)gendering Faith in Abya Yala: Conscientização, Globalization, and New Patterns of Theological and Ecclesial Participation by Women in Latin America and the U.S.A. / Raúl Fernández-Calienes -- Mujeres piqueteras: travesías desde el ámbito social doméstico al espacio territorial urbano / Adriana Causa -- El proceso de institucionalización de la perspectiva de género en Oaxaca: elementos para una evaluación desde las organizaciones de mujeres y feministas / Natalia Biencinto López -- La entrada de las lesbianas en la Agenda de la Igualdad de Género: la interseccionalidad de la Igualdad de Género y los Derechos para Homosexuales en las políticas públicas españolas / Raquel Platero Méndez Globalización y derechos humanos de las mujeres lesbianas / José Ignacio Pichardo -- Gay and Lesbian Families Around the Globe: An examination of gender, citizenship and the law / Catherine Connolly -- ¿Está contribuyendo la teoría jurídica feminista al desarrollo de un Derecho Internacional democrático y participativo? / Ignacio Forcada Barrera -- Relevancia de las medidas cautelares de naturaleza civil en la lucha contra la violencia doméstica: la orden de protección / Ana María Delgado Cordero -- La contribución de las ONG's sobre mujeres a la elaboración del Estatuto de la Corte Penal Internacional / Carmen García Ruiz -- ¿Declaraciones de principios o realidad de Derecho?: Tratados, normas y jurisprudencia comunitaria en materia de género / Margarita Domínguez Cordero y José Antonio Ruiz de Casas -- La perspectiva de género en la construcción europea: la aportación del Tribunal de Justicia / Rosa Giles Carnero -- Políticas de género y sistema legal: las incoherencias del ordenamiento jurídico español a la luz del principio de igualdad y no discriminación por razón de sexo. Algunos casos paradigmáticos / Rosa María Ricoy Casas -- Manipulating a Witness with Coercive Devices / María Luz Vázquez-Maroño -- La patología de un modelo: generar patologías / Julia Peralta -- La orientación profesional para las transiciones desde una perspectiva de género: el caso específico de mujeres que quieren re-incorporarse al mercado laboral a edades adultas / Magdalena Suárez Ortega -- Barreras para el acceso y el ejercicio de puestos de responsabilidad: el caso de las directoras de centros escolares de Educación Infantil y Primaria / María José Carrasco, Emilia Moreno, Teresa Padilla y José Manuel Coronel -- Hacia un nuevo modelo: la unión entre sindicalismo y feminismo / Rita Vázquez Delgado y Herminia Lobato Soriano -- Resisting Repression: Gender and Organization in the Nicaraguan / Free Trade Zones -- Elin Petersen -- Experiencia sociolaboral de las personas con discapacidad: un estudio de género / Grace Shum, Herminia Lobato y Ángeles Conde
650 #0 - SUBJECT ADDED ENTRY--TOPICAL TERM
Topical term or geographic name entry element Women
General subdivision Social conditions
Chronological subdivision 21st century
Form subdivision Congresses.
650 #0 - SUBJECT ADDED ENTRY--TOPICAL TERM
Topical term or geographic name entry element Globalization
Form subdivision Congresses.
655 #0 - INDEX TERM--GENRE/FORM
Genre/form data or focus term Electronic books.
700 1# - ADDED ENTRY--PERSONAL NAME
Personal name Gallego Durán, María del Mar.
700 1# - ADDED ENTRY--PERSONAL NAME
Personal name García Gutierrez, Rosa.
700 1# - ADDED ENTRY--PERSONAL NAME
Personal name Giles Carnero, Rosa.
791 2# -
-- Digitalia (Firm),
-- distributor.
793 0# -
-- Digitalia eBook Collection:
-- Ediciones Alfar.
830 #0 - SERIES ADDED ENTRY--UNIFORM TITLE
Uniform title Alfar/universidad ;
Volume/sequential designation 158.
856 40 - ELECTRONIC LOCATION AND ACCESS
Materials specified Digitalia Hispánica
Uniform Resource Identifier <a href="https://www.digitaliapublishing.com/a/9019/">https://www.digitaliapublishing.com/a/9019/</a>
910 ## - USER-OPTION DATA (OCLC)
User-option data Premium Collection: 2007-2012
942 ## - ADDED ENTRY ELEMENTS (KOHA)
Koha item type Recurso Electrónico
Existencias
Withdrawn status Lost status Damaged status Not for loan Collection Home library Current library Date acquired Total checkouts Date last seen Price effective from Koha item type
        Digitalia Ebooks Hispanica Biblioteca Digital UIN Biblioteca Digital UIN 04/25/2025   04/25/2025 04/25/2025 Recurso Electrónico

CONTACTO


NOSOTROS


SITIOS DE INTERES

coordinacion.biblioteca.biblioteca@unienlinea.mx Misión, Visión y Objetivos Bases de datos
Directorio Bibliotecas Digitales y Repositorios
Normatividad Revistas y artículos
Convenios interbibliotecarios
Boletines



Hecho en México. Universidad Insurgentes (UIN). Todos los derechos reservados 2024. Esta página y sus contenidos pueden ser reproducidos con fines no lucrativos, siempre y cuando no se mutile, se cite la fuente completa y su dirección electrónicas. De otra forma requiere permiso previo por escrito de la institución




2024 Copyright Universidad Insurgentes | www.bibliouin.com.mx